000
00227nam a22000857a 4500
008
161115b xxu||||| |||| 00| 0 eng d
100
_9
1225
_a
Kidz.O
245
_a
Treasure Trove and Arabian Nights
260
_a
New Delhi
_b
Om. Kidz
_c
2012
999
_c
3916
_d
3916